| 000 | 01776nam a2200241Ii 4500 | ||
|---|---|---|---|
| 008 | 221202s xx 000 0 und d | ||
| 100 | 1 |
_aStevens, Jennifer, _eauthor |
|
| 245 | 4 | _aThe Historical Jesus and the Literary Imagination 1860-1920 | |
| 264 | 1 |
_aLiverpool _bLiverpool University Press _c2010 |
|
| 300 | _a1 online resource (312 pages) | ||
| 336 |
_atext _btxt _2rdacontent |
||
| 337 |
_acomputer _bc _2rdamedia |
||
| 338 |
_aonline resource _bcr _2rdacarrier |
||
| 490 |
_aEnglish Association Monographs _v3 |
||
| 520 | _aFictional reconstructions of the Gospels continue to find a place in contemporary literature and in the popular imagination. Present day writers of New Testament fiction and drama are usually considered as part of a tradition formed by mid-to-late-twentieth-century authors such as Robert Graves, Nikos Kazantzakis and Anthony Burgess. This book looks back further to the late-nineteenth and early-twentieth centuries, when the templates of the majority of today’s Gospel fictions and dramas were set down. In doing so, it examines the extent to which significant works of biblical scholarship both influenced and inspired literary works. Focusing on writers such as Oscar Wilde, George Moore and Marie Corelli, this timely new addition to the English Association Monographs series will be essential reading for scholars working at the intersection of literature and theology. | ||
| 653 | _aJesus | ||
| 653 | _aJezus | ||
| 653 | _aMarie Corelli | ||
| 653 | _aVictoriaans | ||
| 653 | _aVictorian | ||
| 856 | _uhttps://library.oapen.org/bitstream/20.500.12657/34643/1/389221.pdfhttp://www.liverpooluniversitypress.co.uk/index.php?option=com_wrapper&view=wrapper&Itemid=48http://library.oapen.org/handle/20.500.12657/34643 | ||
| 942 | _cE-BOOK | ||
| 999 |
_c66416 _d66416 |
||